[Event "FRA-ch Students"]
[Site "Nancy"]
[Date "2020.02.08"]
[Round "4"]
[White "Lambert, Thomas"]
[Black "Rey, Gaetan"]
[Result "1-0"]
[WhiteElo "1988"]
[BlackElo "1824"]
[PlyCount "63"]
[EventDate "2020.01.??"]
[EventType "swiss (rapid)"]
[EventRounds "9"]
[EventCountry "FRA"]
[SourceTitle "EXT 2021"]
[Source "ChessBase"]
[SourceDate "2020.10.23"]
[SourceVersion "1"]
[SourceVersionDate "2020.10.23"]
[SourceQuality "1"]

1. e4 c5 2. Nf3 e6 3. d4 cxd4 4. Nxd4 a6 5. Bd3 Qc7 6. c4 Nc6 7. Nb3 b6 8. 0-0 Bb7 9. Nc3 Nf6 10. Be3 Ne5 11. Na4 Nxd3 12. Qxd3 Bxe4 13. Qe2 Rb8 14. c5 Bxg2 15. Kxg2 Qc6+ 16. Qf3 Qxa4 17. cxb6 d5 18. Qg3 Qg4 19. a4 Bd6 20. Qxg4 Nxg4 21. a5 Kd7 22. Bc5 Rhc8 23. Bxd6 Kxd6 24. Rac1 Ne5 25. Nd2 Nd3 26. Rb1 Rc2 27. Rfd1 Kc6 28. b4 f5 29. Nb3 Rc3 30. Nd4+ Kd6 31. b5 Nf4+ 32. Kf1 1-0

[Event "FRA-ch U12"]
[Site "Montlucon"]
[Date "2011.04.21"]
[Round "6"]
[White "Chesterkine, Vassili"]
[Black "Rey, Gaetan"]
[Result "0-1"]
[WhiteElo "1603"]
[BlackElo "1797"]
[PlyCount "60"]
[EventDate "2011.04.17"]
[EventType "swiss"]
[EventRounds "9"]
[EventCountry "FRA"]
[SourceTitle "CBM 142 Extra"]
[Source "ChessBase"]
[SourceDate "2011.06.27"]
[SourceVersion "1"]
[SourceVersionDate "2011.06.27"]
[SourceQuality "1"]

1. e4 c5 2. Nf3 Nc6 3. d4 cxd4 4. Nxd4 e5 5. Nb5 a6 6. Nd6+ Bxd6 7. Qxd6 Qf6 8. Qc7 Nge7 9. Nc3 0-0 10. Be3 b5 11. 0-0-0 b4 12. Nd5 Nxd5 13. Rxd5 a5 14. f3 a4 15. Bc4 Ba6 16. Bxa6 Rxa6 17. Kb1 b3 18. cxb3 axb3 19. a3 Nb4 20. Rd2 Nc2 21. Qc3 Nxe3 22. Qxe3 Qe6 23. Rhd1 d6 24. Rd5 Rb8 25. Qd3 Rab6 26. Qe3 Qe7 27. R1d3 Qb7 28. Rxe5 Qc8 29. Red5 Qc2+ 30. Ka1 Rc8 0-1

[Event "FRA-ch U12"]
[Site "Troyes"]
[Date "2010.04.14"]
[Round "5"]
[White "Rey, Gaetan"]
[Black "Haussernot, Cecile"]
[Result "0-1"]
[WhiteElo "1701"]
[BlackElo "1949"]
[PlyCount "52"]
[EventDate "2010.04.11"]
[EventType "swiss"]
[EventRounds "9"]
[EventCountry "FRA"]
[SourceTitle "EXT 2012"]
[Source "ChessBase"]
[SourceDate "2011.11.24"]
[SourceVersion "1"]
[SourceVersionDate "2011.11.24"]
[SourceQuality "1"]

1. e4 c5 2. Nf3 d6 3. d4 cxd4 4. Nxd4 Nf6 5. Nc3 a6 6. f3 e5 7. Nb3 Be6 8. Be3 Be7 9. Qd2 0-0 10. 0-0-0 a5 11. Kb1 a4 12. Nc1 Nbd7 13. Qf2 a3 14. Nb3 axb2 15. Kxb2 Bxb3 16. cxb3 Qa5 17. Rc1 d5 18. Na4 b5 19. Bd2 Bb4 20. Bxb4 Qxb4 21. Nc3 Nc5 22. Kb1 Rfc8 23. Nxd5 Nxd5 24. exd5 Nxb3 25. axb3 Ra1+ 26. Kxa1 Qa3+ 0-1

[Event "FRA-chT U20 0809"]
[Site "Sautron"]
[Date "2009.01.04"]
[Round "7.7"]
[White "Barbaud, Clement"]
[Black "Rey, Gaetan"]
[Result "1-0"]
[WhiteElo "1009"]
[BlackElo "1650"]
[PlyCount "57"]
[EventDate "2008.10.??"]
[EventType "team-tourn"]
[EventRounds "11"]
[EventCountry "FRA"]
[SourceTitle "EXT 2010"]
[Source "ChessBase"]
[SourceDate "2010.11.25"]
[SourceVersion "1"]
[SourceVersionDate "2010.11.25"]
[SourceQuality "1"]

1. e4 c5 2. Nf3 Nc6 3. c3 Nf6 4. d3 d6 5. d4 cxd4 6. cxd4 Nxe4 7. d5 Ne5 8. Nxe5 dxe5 9. Qa4+ Bd7 10. Qxe4 Rc8 11. Be3 Qc7 12. Nc3 g6 13. Bd3 Bf5 14. Bb5+ Bd7 15. Bxd7+ Qxd7 16. Qxe5 f6 17. Qe4 Bg7 18. 0-0 0-0 19. Rfd1 b6 20. Re1 f5 21. Qd3 Rfd8 22. Bd4 Bxd4 23. Qxd4 b5 24. Qh4 b4 25. Rxe7 Qxe7 26. Qxe7 Re8 27. Qxb4 Rc7 28. d6 Rd7 29. h3 1-0

[Event "FRA-ch U08"]
[Site "Le Grand Bornand"]
[Date "2007.04.??"]
[Round "5"]
[White "Chesterkine, Vassili"]
[Black "Rey, Gaetan"]
[Result "0-1"]
[WhiteElo "1009"]
[BlackElo "1490"]
[PlyCount "37"]
[EventDate "2007.04.07"]
[EventType "swiss"]
[EventRounds "9"]
[EventCountry "FRA"]
[SourceTitle "CBM 118 Extra"]
[Source "ChessBase"]
[SourceDate "2007.07.04"]
[SourceVersion "1"]
[SourceVersionDate "2007.07.04"]
[SourceQuality "1"]

1. e4 c5 2. Nf3 Nc6 3. d4 cxd4 4. Nxd4 g6 5. Nc3 Bg7 6. Be3 Nf6 7. Be2 0-0 8. 0-0 d5 9. exd5 Nxd5 10. Nxc6 bxc6 11. Nxd5 cxd5 12. c3 Bf5 13. Bd3 Bxd3 14. Qxd3 a5 15. Rfd1 e6 16. Qc2 Rb8 17. Qc1 Qc7 18. Rb1 Qc4 19. Ra1 0-1

[Event "FRA-ch U08"]
[Site "Le Grand Bornand"]
[Date "2007.04.??"]
[Round "3"]
[White "Gonzalez, Martin"]
[Black "Rey, Gaetan"]
[Result "0-1"]
[WhiteElo "1150"]
[BlackElo "1490"]
[PlyCount "82"]
[EventDate "2007.04.07"]
[EventType "swiss"]
[EventRounds "9"]
[EventCountry "FRA"]
[SourceTitle "CBM 118 Extra"]
[Source "ChessBase"]
[SourceDate "2007.07.04"]
[SourceVersion "1"]
[SourceVersionDate "2007.07.04"]
[SourceQuality "1"]

1. c4 e5 2. Nc3 Nf6 3. e4 Bb4 4. Nge2 0-0 5. d3 c6 6. Bd2 d5 7. Qa4 d4 8. Qxb4 dxc3 9. Bxc3 Qxd3 10. Ng3 Qc2 11. c5 Na6 12. Bxa6 bxa6 13. 0-0 Re8 14. Rac1 Qd3 15. Rfd1 Qb5 16. Qxb5 axb5 17. Rd6 Bd7 18. Rcd1 Rad8 19. Bd2 Bg4 20. Rxd8 Rxd8 21. f3 Be6 22. Kf1 Bxa2 23. Ke2 Bc4+ 24. Ke1 Rd3 25. Bc3 Nd7 26. Rxd3 Bxd3 27. b4 a5 28. Kd2 axb4 29. Bxb4 Bc4 30. Nf5 Nb8 31. Bc3 f6 32. h4 Bf1 33. g4 Bg2 34. Ke2 Na6 35. Ne7+ Kf7 36. Nxc6 Nxc5 37. g5 Na4 38. Ba1 Bh3 39. Na7 b4 40. Nc6 b3 41. Na5 b2 0-1